| 000 | 00000nam 2200000za 4500 |
| 001 | 9.802763 |
| 003 | CaOODSP |
| 005 | 20221107135046 |
| 007 | cr ||||||||||| |
| 008 | 150828s2015 onc #o f000 0 fre d |
| 040 | |aCaOODSP|bfre |
| 043 | |an-cnm--|an-cn-qu |
| 086 | 1 |aFs23-605/2015F-PDF |
| 245 | 00|aRapport spécial sur le saumon atlantique dans l'Est du Canada |h[ressource électronique] / |cpréparé par le Comité consultatif ministériel sur le saumon atlantique. |
| 260 | |a[Ottawa] : |b[Ministère des Pêches et des océans], |c2015. |
| 300 | |a78 p. |
| 500 | |aPubli. aussi en anglais sous le titre : A special report on wild Atlantic salmon in Eastern Canada. |
| 500 | |a« Jullet 2015 ». |
| 692 | 07|2gccst|aPoisson de mer |
| 692 | 07|2gccst|aConservation de la nature |
| 710 | 1 |aCanada. |bMinistère des pêches et des océans. |
| 710 | 1 |aCanada. |bComité consultatif ministériel sur le saumon atlantique. |
| 775 | 08|tA special report on wild Atlantic salmon in Eastern Canada |w(CaOODSP)9.802762 |
| 856 | 40|qPDF|s455 Ko|uhttps://publications.gc.ca/collections/collection_2015/mpo-dfo/Fs23-605-2015-fra.pdf |